| 000 | 00485nam a2200181Ia 4500 | ||
|---|---|---|---|
| 008 | 240925s9999 xx 000 0 und d | ||
| 020 | _a205153887 | ||
| 082 | _a158.3 PET | ||
| 100 | _aPeterson ,J Vincent; Nisenholz, Bernard | ||
| 245 | 0 | _aOrientation to Counseling | |
| 250 | _a3rd | ||
| 260 |
_aBoston: _bAllyn and Bacon _c,1995. |
||
| 300 |
_ax,662p. _bNA _fOriginal |
||
| 500 | _aIncludes Index | ||
| 600 | _aHumanities & Natural Science | ||
| 650 | _aPsychology | ||
| 942 | _cBK | ||
| 999 |
_c5192 _d5192 |
||